[Event "17. Open de Gros 2007"]
[Site "San Sebastián ESP"]
[Date "2007.09.21"]
[Round "1.1"]
[White "Mirzoev, Azer"]
[Black "Diez Viera, Oscar"]
[Result "1-0"]
[WhiteElo "2551"]
[BlackElo "1799"]
[PlyCount "67"]
[EventDate "2007.09.21"]
[EventType "swiss"]
[EventRounds "9"]
[EventCountry "ESP"]
[Source "lmi"]
[SourceDate "2007.09.21"]

1. c4 e5 2. Nc3 Nf6 3. g3 Bc5 4. Bg2 c6 5. d3 O-O 6. Nf3 Re8 7. O-O d5 8. cxd5
cxd5 9. Bg5 e4 10. dxe4 dxe4 11. Qxd8 Rxd8 12. Nxe4 Be7 13. Nxf6+ gxf6 14. Be3
Nc6 15. Rfd1 Be6 16. Nd4 Nb4 17. Bxb7 Rab8 18. Be4 Na6 19. Nc6 Rxd1+ 20. Rxd1
Rb7 21. Nxe7+ Rxe7 22. Bh6 Re8 23. Bc6 Rb8 24. a3 Nc7 25. f3 Ne8 26. Kf2 Ng7
27. g4 f5 28. Bf4 Rf8 29. g5 Nh5 30. Be5 f6 31. gxf6 Nxf6 32. b4 Kf7 33. b5 Bb3
34. Rd6 1-0

[Event "17. Open de Gros 2007"]
[Site "San Sebastián ESP"]
[Date "2007.09.21"]
[Round "1.2"]
[White "Espin Laborde, Jesus M"]
[Black "Paunovic, Dragan"]
[Result "0-1"]
[WhiteElo "1790"]
[BlackElo "2531"]
[PlyCount "92"]
[EventDate "2007.09.21"]
[EventType "swiss"]
[EventRounds "9"]
[EventCountry "ESP"]
[Source "lmi"]
[SourceDate "2007.09.21"]

1. e4 c5 2. Nf3 e6 3. d4 cxd4 4. Nxd4 a6 5. Be3 Nf6 6. Nc3 Qc7 7. a3 b5 8. Nb3
Bb7 9. Bd3 Be7 10. O-O d6 11. f4 Nbd7 12. Qe2 h5 13. Bd4 e5 14. Be3 Ng4 15. Kh1
Rc8 16. Nd5 Bxd5 17. exd5 Ndf6 18. fxe5 dxe5 19. Bg1 Nxd5 20. Qf3 Ndf6 21. Rac1
O-O 22. h3 e4 23. Bxe4 Ne5 24. Qe2 Qc4 25. Bd3 Nxd3 26. cxd3 Qxb3 27. Rxc8 Rxc8
28. Qxe7 Qxd3 29. Qe1 Rc2 30. Rf3 Qe4 31. Qxe4 Nxe4 32. Bd4 Rd2 33. Be5 f6 34.
Bc3 Nxc3 35. Rxc3 Rxb2 36. Rc6 a5 37. Ra6 a4 38. Rb6 h4 39. Kg1 Kf7 40. Rb7+
Kg6 41. Rd7 Rb3 42. Rd1 Kf7 43. Rd7+ Ke6 44. Rxg7 Rxa3 45. Rg4 Ra1+ 46. Kh2 Rb1
0-1

[Event "17. Open de Gros 2007"]
[Site "San Sebastián ESP"]
[Date "2007.09.21"]
[Round "1.3"]
[White "Kovalyov, Anton"]
[Black "Iglesias Gonzalez, Veronica"]
[Result "1-0"]
[WhiteElo "2510"]
[BlackElo "1779"]
[PlyCount "51"]
[EventDate "2007.09.21"]
[EventType "swiss"]
[EventRounds "9"]
[EventCountry "ESP"]
[Source "lmi"]
[SourceDate "2007.09.21"]

1. c4 e5 2. Nc3 Nc6 3. g3 Nf6 4. Bg2 Bb4 5. Nd5 O-O 6. e3 Re8 7. Ne2 Nxd5 8.
cxd5 Ne7 9. a3 Bd6 10. d4 c6 11. dxe5 Bxe5 12. d6 Nf5 13. e4 Nh6 14. f4 Bxd6
15. Qxd6 Re6 16. Qd3 d5 17. f5 Re8 18. Bxh6 gxh6 19. O-O-O Qc7 20. Nf4 Bd7 21.
Qc3 Re5 22. Nxd5 cxd5 23. Qxc7 Rc8 24. Qxc8+ Bxc8 25. Rxd5 Re8 26. Rhd1 1-0

[Event "17. Open de Gros 2007"]
[Site "San Sebastián ESP"]
[Date "2007.09.21"]
[Round "1.4"]
[White "Ezkerro Hernandez, Pablo"]
[Black "Rizouk, Aimen"]
[Result "0-1"]
[WhiteElo "1764"]
[BlackElo "2470"]
[PlyCount "46"]
[EventDate "2007.09.21"]
[EventType "swiss"]
[EventRounds "9"]
[EventCountry "ESP"]
[Source "lmi"]
[SourceDate "2007.09.21"]

1. e4 c5 2. Nf3 d6 3. d4 cxd4 4. Nxd4 Nf6 5. Nc3 Nc6 6. Be2 e5 7. Nb3 Be7 8.
O-O O-O 9. Be3 a5 10. a3 Be6 11. f4 exf4 12. Rxf4 d5 13. Nd4 Bd6 14. Rh4 Bc5
15. Rf4 dxe4 16. Nxe4 Nd5 17. Nxc5 Nxf4 18. Nxc6 Nxe2+ 19. Qxe2 bxc6 20. Nxe6
fxe6 21. Qg4 Qd5 22. Rd1 Qf5 23. Qc4 Rad8 0-1

[Event "17. Open de Gros 2007"]
[Site "San Sebastián ESP"]
[Date "2007.09.21"]
[Round "1.6"]
[White "Lazkano Gaite, Tomas"]
[Black "Andres Gonzalez, Ivan"]
[Result "0-1"]
[WhiteElo "1754"]
[BlackElo "2392"]
[PlyCount "58"]
[EventDate "2007.09.21"]
[EventType "swiss"]
[EventRounds "9"]
[EventCountry "ESP"]
[Source "lmi"]
[SourceDate "2007.09.21"]

1. d4 Nf6 2. Nf3 e6 3. c4 c5 4. d5 exd5 5. cxd5 Bd6 6. Nc3 Bc7 7. e4 d6 8. h3
O-O 9. Bd3 Re8 10. O-O Nbd7 11. Bg5 h6 12. Bh4 a6 13. a4 Nf8 14. Nd2 Ng6 15.
Bg3 Rb8 16. Rb1 Bd7 17. b4 cxb4 18. Rxb4 Ba5 19. Rb3 Rc8 20. Nc4 Bxc3 21. Rxc3
b5 22. axb5 axb5 23. Nxd6 Rxc3 24. Nxe8 Qxe8 25. Qb1 Nh5 26. Bd6 Ne5 27. Bxe5
Qxe5 28. Bxb5 Bxb5 29. Qxb5 Qxe4 0-1

[Event "17. Open de Gros 2007"]
[Site "San Sebastián ESP"]
[Date "2007.09.21"]
[Round "1.7"]
[White "Argandona Rivero, Inigo"]
[Black "Izquierdo Arruzeria, Joseba"]
[Result "1-0"]
[WhiteElo "2390"]
[BlackElo "1751"]
[PlyCount "109"]
[EventDate "2007.09.21"]
[EventType "swiss"]
[EventRounds "9"]
[EventCountry "ESP"]
[Source "lmi"]
[SourceDate "2007.09.21"]

1. d4 e6 2. c4 d5 3. Nc3 Nf6 4. Bg5 Be7 5. e3 O-O 6. Nf3 b6 7. cxd5 exd5 8. Qc2
Bb7 9. Bd3 Nbd7 10. Ne5 h6 11. h4 c5 12. Nxd7 Nxd7 13. O-O-O cxd4 14. Bxe7 Qxe7
15. exd4 Nf6 16. f3 Rac8 17. Kb1 Qb4 18. g4 Nd7 19. Bh7+ Kh8 20. Bf5 Qd6 21. g5
h5 22. Qh2 Qxh2 23. Rxh2 Rcd8 24. Re2 Bc6 25. Re7 g6 26. Bxd7 Bxd7 27. Kc1 Kg7
28. Rde1 a6 29. R1e5 Bc6 30. f4 a5 31. Kd2 b5 32. Rc7 Rc8 33. Ree7 b4 34. Ne2
Bb5 35. f5 Bxe2 36. f6+ Kg8 37. Kxe2 Rxc7 38. Rxc7 Re8+ 39. Re7 Rc8 40. Kd3 Rc1
41. Re8+ Kh7 42. Rf8 Ra1 43. Rxf7+ Kg8 44. Rd7 Rxa2 45. Rxd5 Rxb2 46. Rxa5 Rh2
47. d5 Rh1 48. Kd4 Rxh4+ 49. Ke5 Rc4 50. Ra8+ Kf7 51. Ra7+ Kf8 52. d6 Rc8 53.
d7 Rd8 54. Ke6 Rb8 55. Rc7 1-0

[Event "17. Open de Gros 2007"]
[Site "San Sebastián ESP"]
[Date "2007.09.21"]
[Round "1.8"]
[White "Boulinguez, Jean Marc"]
[Black "Khamrakulov, Dzhurabek"]
[Result "0-1"]
[WhiteElo "1748"]
[BlackElo "2322"]
[PlyCount "59"]
[EventDate "2007.09.21"]
[EventType "swiss"]
[EventRounds "9"]
[EventCountry "ESP"]
[Source "lmi"]
[SourceDate "2007.09.21"]

1. d4 d5 2. c4 e6 3. Nf3 c5 4. cxd5 exd5 5. Nc3 Nc6 6. Bf4 Nf6 7. e3 Be6 8. Be2
Be7 9. dxc5 Bxc5 10. O-O O-O 11. Rc1 Be7 12. Nd4 Rc8 13. Bf3 Qb6 14. Nb3 Rfe8
15. Ne2 a5 16. Ned4 Nb4 17. Rxc8 Rxc8 18. Qb1 a4 19. Nd2 Nc6 20. Ne2 Bb4 21.
Rd1 h6 22. h4 Qa5 23. Qd3 Nd7 24. Nc3 Nce5 25. Bxe5 Nxe5 26. Qb1 Bxc3 27. bxc3
Qxc3 28. Qxb7 Qc2 29. Qb1 Qxb1 30. Rxb1 0-1

[Event "17. Open de Gros 2007"]
[Site "San Sebastián ESP"]
[Date "2007.09.21"]
[Round "1.9"]
[White "Rodriguez Gonzalez, Javier"]
[Black "Izagirre Alsua, Aritz"]
[Result "1-0"]
[WhiteElo "2261"]
[BlackElo "1731"]
[PlyCount "43"]
[EventDate "2007.09.21"]
[EventType "swiss"]
[EventRounds "9"]
[EventCountry "ESP"]
[Source "lmi"]
[SourceDate "2007.09.21"]

1. d4 b5 2. Nf3 Nf6 3. Bf4 Bb7 4. Nbd2 d5 5. e3 a6 6. Bd3 e6 7. c3 Nbd7 8. Ne5
Be7 9. Qf3 c5 10. O-O O-O 11. Qh3 c4 12. Bc2 Re8 13. Ndf3 Ne4 14. Nxd7 Qxd7 15.
Ne5 Qd8 16. f3 Nf6 17. Rae1 Bf8 18. Bg5 h6 19. Ng4 Qe7 20. Qh4 Rab8 21. Nxh6+
gxh6 22. Bxh6 1-0

[Event "17. Open de Gros 2007"]
[Site "San Sebastián ESP"]
[Date "2007.09.21"]
[Round "1.11"]
[White "Sanz Perez, Eduardo"]
[Black "Aizpurua Zubiria, Inaki"]
[Result "1-0"]
[WhiteElo "2156"]
[BlackElo "1722"]
[PlyCount "39"]
[EventDate "2007.09.21"]
[EventType "swiss"]
[EventRounds "9"]
[EventCountry "ESP"]
[Source "lmi"]
[SourceDate "2007.09.21"]

1. f4 d5 2. e3 Nc6 3. Bb5 Bd7 4. Nf3 Nf6 5. O-O e6 6. b3 a6 7. Bxc6 Bxc6 8. Bb2
Be7 9. Nc3 O-O 10. Ne2 b6 11. f5 Bb7 12. fxe6 fxe6 13. Nf4 Bc8 14. Qe1 Ne4 15.
d3 Nf6 16. Ne5 Qd6 17. Nfg6 hxg6 18. Nxg6 Ng4 19. Nxf8 Bxf8 20. Qg3 1-0

[Event "17. Open de Gros 2007"]
[Site "San Sebastián ESP"]
[Date "2007.09.21"]
[Round "1.12"]
[White "Olabe Odriozola, Eduardo"]
[Black "Lakunza, Juan Carlos"]
[Result "0-1"]
[WhiteElo "1718"]
[BlackElo "2128"]
[PlyCount "100"]
[EventDate "2007.09.21"]
[EventType "swiss"]
[EventRounds "9"]
[EventCountry "ESP"]
[Source "lmi"]
[SourceDate "2007.09.21"]

1. e4 Nf6 2. Nc3 e5 3. Bc4 Nc6 4. d3 Bc5 5. Bg5 h6 6. Bh4 Na5 7. Nd5 g5 8. Bg3
Nxc4 9. dxc4 c6 10. Nxf6+ Qxf6 11. Nf3 d6 12. Qd3 Bg4 13. Nd2 O-O-O 14. f3 Be6
15. Nb3 Bb6 16. O-O-O Qe7 17. h4 Rhf8 18. Qc3 f6 19. hxg5 hxg5 20. Rh2 Rh8 21.
Rdh1 Rxh2 22. Rxh2 Kb8 23. Rh6 Qg7 24. Rh1 Qf7 25. c5 dxc5 26. Nxc5 Bxc5 27.
Qxc5 Qd7 28. Qc3 Bc4 29. b3 Be2 30. Qe1 Qd4 31. Kb1 Qd1+ 32. Kb2 Kc8 33. Rh6
Rd2 34. Qxd1 Bxd1 35. Rxf6 Rxc2+ 36. Ka3 a5 37. Bxe5 b5 38. b4 axb4+ 39. Kxb4
Kb7 40. Rf7+ Kb6 41. Rf6 Rc4+ 42. Ka3 b4+ 43. Kb2 Rc2+ 44. Kb1 Rxg2 45. Bd4+
Kb5 46. Be3 Bc2+ 47. Kc1 Kc4 48. Rxc6+ Kd3 49. Bxg5 Rg1+ 50. Kb2 Rb1# 0-1

[Event "17. Open de Gros 2007"]
[Site "San Sebastián ESP"]
[Date "2007.09.22"]
[Round "2.1"]
[White "Paunovic, Dragan"]
[Black "Salterain Gonzalez, Galder"]
[Result "1-0"]
[WhiteElo "2531"]
[BlackElo "1986"]
[PlyCount "41"]
[EventDate "2007.09.21"]
[EventType "swiss"]
[EventRounds "9"]
[EventCountry "ESP"]
[Source "lmi"]
[SourceDate "2007.09.21"]

1. Nf3 d5 2. g3 Nf6 3. Bg2 e6 4. O-O c5 5. c4 Nc6 6. cxd5 Nxd5 7. Nc3 Nxc3 8.
bxc3 Bd6 9. d4 O-O 10. Rb1 Rb8 11. Ng5 h6 12. Ne4 cxd4 13. Nxd6 Qxd6 14. cxd4
Nxd4 15. e3 Nf5 16. Qxd6 Nxd6 17. Ba3 Nc4 18. Bxf8 Kxf8 19. Rfc1 Nd6 20. Rc7 a6
21. Rd1 1-0

[Event "17. Open de Gros 2007"]
[Site "San Sebastián ESP"]
[Date "2007.09.22"]
[Round "2.2"]
[White "Lakunza Plazaola, Asier"]
[Black "Kovalyov, Anton"]
[Result "0-1"]
[WhiteElo "1976"]
[BlackElo "2510"]
[PlyCount "50"]
[EventDate "2007.09.21"]
[EventType "swiss"]
[EventRounds "9"]
[EventCountry "ESP"]
[Source "lmi"]
[SourceDate "2007.09.21"]

1. e4 c5 2. Nf3 d6 3. d4 cxd4 4. Nxd4 Nf6 5. Nc3 a6 6. Bc4 e6 7. O-O b5 8. Bb3
Be7 9. Qf3 Qb6 10. Be3 Qb7 11. a3 O-O 12. Bg5 h6 13. Bh4 Nbd7 14. Rfe1 Nc5 15.
Ba2 Qb6 16. Rad1 Bb7 17. h3 Rfe8 18. Qe3 Kh8 19. Nf3 Qc6 20. Nd2 Nfxe4 21.
Ndxe4 Nxe4 22. Nxe4 Bxh4 23. Rxd6 Qxc2 24. Rd7 Bxe4 25. Qxe4 Qxf2+ 0-1

[Event "17. Open de Gros 2007"]
[Site "San Sebastián ESP"]
[Date "2007.09.22"]
[Round "2.3"]
[White "Garro Beraza, Haritz"]
[Black "Andres Gonzalez, Alberto"]
[Result "0-1"]
[WhiteElo "1950"]
[BlackElo "2435"]
[PlyCount "98"]
[EventDate "2007.09.21"]
[EventType "swiss"]
[EventRounds "9"]
[EventCountry "ESP"]
[Source "lmi"]
[SourceDate "2007.09.21"]

1. e4 c5 2. Nf3 e6 3. d3 Nc6 4. Nbd2 d5 5. g3 g6 6. Bg2 Bg7 7. O-O Nge7 8. exd5
Nxd5 9. a4 O-O 10. Re1 h6 11. Nc4 Qc7 12. Qe2 b6 13. c3 Ba6 14. Nfe5 Nxe5 15.
Nxe5 Rad8 16. f4 Ne7 17. Nc4 Qd7 18. Bf1 Qd5 19. Qe4 Nf5 20. Qxd5 Rxd5 21. a5
b5 22. Ne3 Rd7 23. Nxf5 gxf5 24. Be3 b4 25. Bxc5 bxc3 26. d4 cxb2 27. Rab1 Bxf1
28. Kxf1 Rb8 29. Re2 Bxd4 30. Bxd4 Rxd4 31. Rexb2 Rxb2 32. Rxb2 Ra4 33. Rb5 Ra2
34. h3 h5 35. Re5 Kg7 36. h4 Kf6 37. Rc5 a6 38. Kg1 Ke7 39. Rc7+ Ke8 40. Rc8+
Ke7 41. Rc7+ Ke8 42. Rc8+ Kd7 43. Rh8 Rxa5 44. Rxh5 Ke7 45. Rh8 f6 46. Rh7+ Kf8
47. Rc7 Ra1+ 48. Kg2 a5 49. Ra7 a4 0-1

[Event "17. Open de Gros 2007"]
[Site "San Sebastián ESP"]
[Date "2007.09.22"]
[Round "2.4"]
[White "Andres Gonzalez, Ivan"]
[Black "Tung, Siu Hung"]
[Result "0-1"]
[WhiteElo "2392"]
[BlackElo "1970"]
[PlyCount "122"]
[EventDate "2007.09.21"]
[EventType "swiss"]
[EventRounds "9"]
[EventCountry "ESP"]
[Source "lmi"]
[SourceDate "2007.09.21"]

1. e4 d6 2. d4 Nf6 3. Nc3 g6 4. f4 Bg7 5. Nf3 c6 6. Bd3 Qb6 7. e5 Nd5 8. exd6
Bg4 9. Nxd5 cxd5 10. dxe7 Bxd4 11. c3 Bf6 12. Qe2 Nc6 13. h3 Bh4+ 14. Kf1 Bxf3
15. Qxf3 Nxe7 16. g3 Bf6 17. Qf2 d4 18. c4 O-O 19. h4 Qc5 20. g4 Rad8 21. Bd2
a5 22. Re1 Nc6 23. a3 Rfe8 24. Kg2 Qb6 25. g5 Bg7 26. Bc1 Qb3 27. Rh3 Qb6 28.
h5 Ne7 29. Kg1 Qc6 30. Bd2 b6 31. Qg2 Qd7 32. Be4 Nf5 33. Rd3 Qc8 34. h6 Bf8
35. Bd5 Rxe1+ 36. Bxe1 Ne3 37. Rxe3 dxe3 38. Bc3 Qf5 39. Qf3 Re8 40. Be5 Qb1+
41. Qf1 Qc2 42. Bf3 Be7 43. Bc3 Bxa3 44. Bd1 Qc1 45. Qe2 Rd8 46. Kg2 Rxd1 47.
bxa3 Rg1+ 48. Kh2 Rh1+ 49. Kg2 Qg1+ 50. Kf3 Rh3+ 51. Ke4 Qh1+ 52. Ke5 Qc6 53.
a4 Qe6+ 54. Kd4 Qf5 55. Qg2 Qxf4+ 56. Kd3 Rf3 57. Be5 e2+ 58. Kxe2 Qe3+ 59. Kd1
Qd3+ 60. Ke1 Re3+ 61. Kf2 Re2+ 0-1

[Event "17. Open de Gros 2007"]
[Site "San Sebastián ESP"]
[Date "2007.09.22"]
[Round "2.5"]
[White "Saenz Zabala, Juan Ignacio"]
[Black "Argandona Rivero, Inigo"]
[Result "0-1"]
[WhiteElo "1898"]
[BlackElo "2390"]
[PlyCount "22"]
[EventDate "2007.09.21"]
[EventType "swiss"]
[EventRounds "9"]
[EventCountry "ESP"]
[Source "lmi"]
[SourceDate "2007.09.21"]

1. e4 c5 2. f4 d5 3. Nf3 dxe4 4. Ng5 Bf5 5. Bc4 e6 6. Nc3 Nf6 7. Qe2 Qd4 8. Nb5
Qd7 9. Nc3 Nc6 10. Ncxe4 Nxe4 11. Nxe4 Nd4 0-1

[Event "17. Open de Gros 2007"]
[Site "San Sebastián ESP"]
[Date "2007.09.22"]
[Round "2.6"]
[White "Khamrakulov, Dzhurabek"]
[Black "Bello Castaño, Diego"]
[Result "1-0"]
[WhiteElo "2322"]
[BlackElo "1895"]
[PlyCount "51"]
[EventDate "2007.09.21"]
[EventType "swiss"]
[EventRounds "9"]
[EventCountry "ESP"]
[Source "lmi"]
[SourceDate "2007.09.21"]

1. e4 c6 2. d4 d5 3. Nd2 dxe4 4. Nxe4 Nf6 5. Nxf6+ gxf6 6. c3 Bf5 7. Be3 Qc7 8.
h4 h5 9. Be2 Bg6 10. Nh3 Nd7 11. Nf4 Bh6 12. Qd2 Bg7 13. Nxg6 fxg6 14. Bd3 f5
15. O-O-O O-O-O 16. Bg5 Bf6 17. Rhe1 c5 18. Kb1 c4 19. Bf1 Nb6 20. g3 Rd5 21.
Qe2 Rb5 22. Qe6+ Qd7 23. Bxc4 Nxc4 24. Qxc4+ Kb8 25. Qe6 Rd5 26. Bxf6 1-0

[Event "17. Open de Gros 2007"]
[Site "San Sebastián ESP"]
[Date "2007.09.22"]
[Round "2.7"]
[White "Olmo Vega, Diego"]
[Black "Rodriguez Gonzalez, Javier"]
[Result "0-1"]
[WhiteElo "1891"]
[BlackElo "2261"]
[PlyCount "76"]
[EventDate "2007.09.21"]
[EventType "swiss"]
[EventRounds "9"]
[EventCountry "ESP"]
[Source "lmi"]
[SourceDate "2007.09.21"]

1. e4 e6 2. d4 d5 3. Nc3 Bb4 4. e5 Ne7 5. a3 Ba5 6. b4 Bb6 7. Nf3 a5 8. Rb1 O-O
9. Bd3 f6 10. exf6 gxf6 11. Bh6 Rf7 12. O-O c6 13. Qd2 Bc7 14. Bf4 Nd7 15. Rfe1
Nf8 16. Re2 Neg6 17. Bxc7 Qxc7 18. Rbe1 axb4 19. axb4 Bd7 20. Nd1 Re8 21. c4 e5
22. dxe5 fxe5 23. Ng5 Rg7 24. cxd5 Nf4 25. d6 Nxe2+ 26. Rxe2 Qc8 27. Bc4+ Ne6
28. Rxe5 Kh8 29. Ne4 Nf8 30. Rxe8 Qxe8 31. Ndc3 Qe5 32. f3 Be6 33. Bxe6 Qxe6
34. Nc5 Qf5 35. N3e4 Qxf3 36. d7 Nxd7 37. Nxd7 Qxe4 38. Nf6 Qb1+ 0-1

[Event "17. Open de Gros 2007"]
[Site "San Sebastián ESP"]
[Date "2007.09.22"]
[Round "2.8"]
[White "Galarraga Lasa, Jon Gurutz"]
[Black "Sanz Perez, Eduardo"]
[Result "0-1"]
[WhiteElo "1825"]
[BlackElo "2156"]
[PlyCount "110"]
[EventDate "2007.09.21"]
[EventType "swiss"]
[EventRounds "9"]
[EventCountry "ESP"]
[Source "lmi"]
[SourceDate "2007.09.21"]

1. e4 e6 2. d4 d5 3. Nd2 c5 4. exd5 Qxd5 5. Ngf3 cxd4 6. Bc4 Qd6 7. O-O Nc6 8.
Nb3 Nf6 9. Nbxd4 Nxd4 10. Nxd4 a6 11. Bb3 Be7 12. Re1 O-O 13. c3 b5 14. Qf3 Qb6
15. Be3 Bc5 16. Rad1 Bb7 17. Qh3 Rad8 18. Bc2 Rd5 19. b4 Bd6 20. Nxe6 Bxh2+ 21.
Qxh2 Qxe6 22. Bd4 Rh5 23. Qg3 Qg4 24. Bxf6 Qxg3 25. fxg3 gxf6 26. Re7 Bd5 27.
a3 Rc8 28. Re3 Be6 29. Rd6 Re5 30. Red3 Re1+ 31. Kf2 Rc1 32. Rd8+ Rxd8 33.
Rxd8+ Kg7 34. Rd2 Ra1 35. a4 bxa4 36. Bd3 a3 37. Bxa6 Ra2 38. Rxa2 Bxa2 39. Bd3
Bb3 40. Bb1 a2 41. Bxa2 Bxa2 42. Ke3 Bd5 43. Kd4 Bxg2 44. b5 Kf8 45. Kc5 Ke7
46. Kb6 h5 47. c4 f5 48. Kc7 f4 49. gxf4 h4 50. c5 h3 51. c6 h2 52. b6 Bxc6 53.
Kxc6 h1=Q+ 54. Kc7 Qc1+ 55. Kb8 Qxf4+ 0-1

[Event "17. Open de Gros 2007"]
[Site "San Sebastián ESP"]
[Date "2007.09.22"]
[Round "2.9"]
[White "Juez Villar, Erik"]
[Black "Tung, Kai Ming"]
[Result "1/2-1/2"]
[WhiteElo "1806"]
[BlackElo "2083"]
[PlyCount "83"]
[EventDate "2007.09.21"]
[EventType "swiss"]
[EventRounds "9"]
[EventCountry "ESP"]
[Source "lmi"]
[SourceDate "2007.09.21"]

1. d4 e6 2. c4 c5 3. d5 exd5 4. cxd5 d6 5. Nc3 Nf6 6. Nf3 g6 7. Nd2 Bg7 8. e4
O-O 9. Be2 Re8 10. O-O a6 11. a4 Nbd7 12. f4 Nf8 13. Bf3 Qc7 14. Nc4 N6d7 15.
a5 b5 16. axb6 Nxb6 17. Nxb6 Qxb6 18. Kh1 Bd7 19. e5 dxe5 20. d6 e4 21. Bxe4
Bc6 22. Nd5 Bxd5 23. Bxd5 Rad8 24. Ra3 Qxd6 25. Rd3 Bd4 26. Ba2 Qe7 27. f5 Bf6
28. fxg6 hxg6 29. Rxd8 Rxd8 30. Qf3 Ne6 31. h3 Kg7 32. Qe2 Qd6 33. Qf3 Qe7 34.
Qe2 Rd6 35. Qe3 Bg5 36. Qe5+ Bf6 37. Rxf6 Qxf6 38. Qxd6 Qf1+ 39. Kh2 Qxc1 40.
Bxe6 fxe6 41. Qe7+ Kh6 42. Qh4+ 1/2-1/2

[Event "17. Open de Gros 2007"]
[Site "San Sebastián ESP"]
[Date "2007.09.22"]
[Round "2.10"]
[White "Zulaika Centeno, Ander"]
[Black "Rodriguez Cabrera, Fco  Javier"]
[Result "1-0"]
[WhiteElo "2075"]
[BlackElo "1887"]
[PlyCount "101"]
[EventDate "2007.09.21"]
[EventType "swiss"]
[EventRounds "9"]
[EventCountry "ESP"]
[Source "lmi"]
[SourceDate "2007.09.21"]

1. e4 c5 2. Nf3 d6 3. d4 cxd4 4. Nxd4 Nf6 5. Nc3 a6 6. Be3 e6 7. f3 Be7 8. Qd2
b5 9. g4 Nfd7 10. O-O-O Bb7 11. h4 Nc6 12. g5 Nce5 13. Kb1 b4 14. Na4 d5 15.
Rg1 Qa5 16. b3 Nc5 17. Nb2 Rd8 18. Qh2 Nc6 19. e5 Na7 20. Qf2 Rc8 21. Nd3 Nxd3
22. cxd3 Bc5 23. Rc1 Bxd4 24. Rxc8+ Bxc8 25. Bxd4 Nb5 26. Bb6 Nc3+ 27. Ka1 Qb5
28. Qc5 Qxc5 29. Bxc5 a5 30. Kb2 Kd7 31. a3 Ba6 32. axb4 axb4 33. Bxb4 Nd1+ 34.
Kc2 Ne3+ 35. Kd2 Nf5 36. Bc5 Nxh4 37. Be2 Ng6 38. Ra1 Ra8 39. d4 Bb7 40. Bb5+
Kc7 41. Rxa8 Bxa8 42. Be8 Nh4 43. Ke2 Bc6 44. Bxf7 Bd7 45. Bf8 Bb5+ 46. Kf2 Kd7
47. Bg8 Bd3 48. Bxg7 Bc2 49. Bf8 Ke8 50. Bc5 Bf5 51. Kg3 1-0

[Event "17. Open de Gros 2007"]
[Site "San Sebastián ESP"]
[Date "2007.09.22"]
[Round "2.11"]
[White "Burgana Lardizabal, Jose Angel"]
[Black "Salcedo, Marc"]
[Result "0-1"]
[WhiteElo "1726"]
[BlackElo "2008"]
[PlyCount "88"]
[EventDate "2007.09.21"]
[EventType "swiss"]
[EventRounds "9"]
[EventCountry "ESP"]
[Source "lmi"]
[SourceDate "2007.09.21"]

1. d4 d5 2. c4 Nf6 3. Nc3 g6 4. cxd5 Nxd5 5. Bd2 Bg7 6. e4 Nb6 7. Be3 O-O 8.
Nf3 Bg4 9. Be2 Nc6 10. d5 Bxf3 11. gxf3 Na5 12. Bd4 Qd6 13. Bxg7 Kxg7 14. b3
Qb4 15. Qc2 e6 16. dxe6 fxe6 17. Kf1 Nc6 18. Nb5 Qe7 19. Qb2+ e5 20. Rd1 a6 21.
Na3 Nd4 22. Rd3 Rad8 23. Re3 Rf4 24. Rg1 Rdf8 25. Rg3 h5 26. Nc2 c5 27. Nxd4
cxd4 28. Rd3 Nd7 29. b4 Qf6 30. Qc1 h4 31. Rg2 Nb6 32. Qc7+ Rf7 33. Qc2 Qd6 34.
Qb3 Rc7 35. Rg4 Rxg4 36. fxg4 Qc6 37. Bf3 Na4 38. Kg2 Nc3 39. Kh3 Qf6 40. Kg2
Rf7 41. Qc2 Qf4 42. h3 Nxe4 43. Qe2 Nc3 44. Qd2 e4 0-1

[Event "17. Open de Gros 2007"]
[Site "San Sebastián ESP"]
[Date "2007.09.22"]
[Round "2.12"]
[White "Tholey, Jean-Paul"]
[Black "Rodriguez Vallejo, Julio"]
[Result "1-0"]
[WhiteElo "2004"]
[BlackElo "1831"]
[PlyCount "35"]
[EventDate "2007.09.21"]
[EventType "swiss"]
[EventRounds "9"]
[EventCountry "ESP"]
[Source "lmi"]
[SourceDate "2007.09.21"]

1. d4 Nf6 2. c4 g6 3. Nc3 Bg7 4. e4 d6 5. f3 O-O 6. Be3 e5 7. Nge2 Nc6 8. Qd2
Nd7 9. d5 Ne7 10. g4 f5 11. gxf5 gxf5 12. Bh6 Ng6 13. O-O-O Qh4 14. Bxg7 Kxg7
15. Nb5 fxe4 16. fxe4 Qxe4 17. Ng3 Qf4 18. Nh5+ 1-0

[Event "17. Open de Gros 2007"]
[Site "San Sebastián ESP"]
[Date "2007.09.23"]
[Round "3.1"]
[White "Salcedo, Marc"]
[Black "Paunovic, Dragan"]
[Result "0-1"]
[WhiteElo "2008"]
[BlackElo "2531"]
[PlyCount "68"]
[EventDate "2007.09.21"]
[EventType "swiss"]
[EventRounds "9"]
[EventCountry "ESP"]
[Source "lmi"]
[SourceDate "2007.09.21"]

1. e4 d6 2. d4 Nf6 3. Nc3 e5 4. dxe5 dxe5 5. Qxd8+ Kxd8 6. Bc4 Ke8 7. Nf3 Bd6
8. Be3 Nbd7 9. O-O-O a6 10. Ng5 Rf8 11. f3 h6 12. Nh3 b5 13. Bd5 Nxd5 14. Nxd5
Bb7 15. g4 Rd8 16. g5 hxg5 17. Nxg5 Rh8 18. h4 Nf8 19. f4 exf4 20. Nxf4 Rd7 21.
Nd5 Bxd5 22. exd5 Re7 23. Bd4 f6 24. Nf3 Rh5 25. Bg1 Ng6 26. Bh2 Nf4 27. Bxf4
Bxf4+ 28. Kb1 Rd7 29. Rhg1 Rhxd5 30. Rxd5 Rxd5 31. c3 Kf7 32. Rg4 Bd6 33. Kc2
Rf5 34. Nd4 Rf2+ 0-1

[Event "17. Open de Gros 2007"]
[Site "San Sebastián ESP"]
[Date "2007.09.23"]
[Round "3.2"]
[White "Kovalyov, Anton"]
[Black "Zulaika Centeno, Ander"]
[Result "1-0"]
[WhiteElo "2510"]
[BlackElo "2075"]
[PlyCount "65"]
[EventDate "2007.09.21"]
[EventType "swiss"]
[EventRounds "9"]
[EventCountry "ESP"]
[Source "lmi"]
[SourceDate "2007.09.21"]

1. c4 Nf6 2. Nc3 c6 3. e4 e5 4. Nf3 d6 5. d4 Nbd7 6. Be2 Be7 7. O-O O-O 8. Be3
Ng4 9. Bd2 Qc7 10. d5 a5 11. h3 Ngf6 12. Be3 Nc5 13. Nd2 Nfd7 14. b3 f5 15.
exf5 Rxf5 16. a3 Rf8 17. Rb1 Nf6 18. b4 axb4 19. axb4 Ncd7 20. Qb3 c5 21. Nb5
Qd8 22. bxc5 Nxc5 23. Bxc5 dxc5 24. Qe3 Bd6 25. Bd3 Qe7 26. Rfe1 Re8 27. f4 e4
28. Nxe4 Nxe4 29. Qxe4 Qxe4 30. Bxe4 Bxf4 31. Bxh7+ Kf8 32. Rf1 g5 33. Nc7 1-0

[Event "17. Open de Gros 2007"]
[Site "San Sebastián ESP"]
[Date "2007.09.23"]
[Round "3.3"]
[White "Andres Gonzalez, Alberto"]
[Black "Tholey, Jean-Paul"]
[Result "1-0"]
[WhiteElo "2435"]
[BlackElo "2004"]
[PlyCount "67"]
[EventDate "2007.09.21"]
[EventType "swiss"]
[EventRounds "9"]
[EventCountry "ESP"]
[Source "lmi"]
[SourceDate "2007.09.21"]

1. c4 e6 2. Nf3 Nf6 3. g3 d5 4. Bg2 Be7 5. O-O O-O 6. d4 dxc4 7. Qc2 a6 8. a4
Bd7 9. Qxc4 Bc6 10. Bg5 Bd5 11. Qc1 Ne4 12. Bxe7 Qxe7 13. Nc3 Nxc3 14. Qxc3 Rc8
15. Rfe1 Bxf3 16. Bxf3 c6 17. b4 Nd7 18. Rec1 e5 19. dxe5 Nxe5 20. Bg2 Rd8 21.
Rab1 g6 22. b5 axb5 23. axb5 Ra2 24. Bf1 Rdd2 25. Rd1 Rdc2 26. Qe3 Qf6 27. bxc6
bxc6 28. Rb8+ Kg7 29. Rdd8 Qf5 30. Rg8+ Kf6 31. f4 Ra5 32. Rbe8 Rcc5 33. Qd4
Rd5 34. fxe5+ 1-0